[Event "17. Europa ch Juvenil - Masculino s14"]
[Site "Sibenik CRO"]
[Date "2007.09.18"]
[Round "5.14"]
[White "Pavlidis, Antonios"]
[Black "Vlasak, Lukas"]
[Result "1-0"]
[WhiteElo "2175"]
[BlackElo "2059"]
[PlyCount "65"]
[EventDate "2007.09.14"]
[EventType "swiss"]
[EventRounds "9"]
[EventCountry "CRO"]
[Source "lmi"]
[SourceDate "2007.09.14"]

1. e4 c5 2. Nf3 Nc6 3. Bb5 g6 4. Bxc6 dxc6 5. d3 b6 6. O-O Bg7 7. Nc3 Nh6 8. h3
f6 9. Nh2 e5 10. f4 O-O 11. Be3 Be6 12. Qd2 exf4 13. Rxf4 Nf7 14. Raf1 Qe7 15.
R4f2 Rad8 16. a3 Rd7 17. Ne2 Nd6 18. Qc1 c4 19. Bh6 cxd3 20. cxd3 Nb5 21. Bxg7
Kxg7 22. Qxc6 Nd4 23. Nxd4 Rxd4 24. Qc3 Qd7 25. Rxf6 Rc8 26. Qd2 Rxd3 27. Qf4
Qd4+ 28. Kh1 Bf5 29. Ng4 Rd1 30. Rxd1 Qxd1+ 31. Kh2 Bxg4 32. Rf7+ Kg8 33. Qf6
1-0

[Event "17. Europa ch Juvenil - Masculino s14"]
[Site "Sibenik CRO"]
[Date "2007.09.18"]
[Round "5.15"]
[White "Meskovs, Nikita"]
[Black "Stella, Andrea"]
[Result "1/2-1/2"]
[WhiteElo "2036"]
[BlackElo "2132"]
[PlyCount "27"]
[EventDate "2007.09.14"]
[EventType "swiss"]
[EventRounds "9"]
[EventCountry "CRO"]
[Source "lmi"]
[SourceDate "2007.09.14"]

1. d4 Nf6 2. c4 c6 3. Nf3 e6 4. Nc3 Bb4 5. Bg5 h6 6. Bh4 g5 7. Bg3 Ne4 8. Rc1
d5 9. e3 h5 10. h4 Nxg3 11. fxg3 g4 12. Nd2 Bd6 13. Ne2 e5 14. cxd5 1/2-1/2

[Event "17. Europa ch Juvenil - Masculino s14"]
[Site "Sibenik CRO"]
[Date "2007.09.18"]
[Round "5.16"]
[White "Kantans, Toms"]
[Black "Szabo, Bence"]
[Result "1-0"]
[WhiteElo "1928"]
[BlackElo "2131"]
[PlyCount "73"]
[EventDate "2007.09.14"]
[EventType "swiss"]
[EventRounds "9"]
[EventCountry "CRO"]
[Source "lmi"]
[SourceDate "2007.09.14"]

1. Nf3 c5 2. c4 Nc6 3. g3 e5 4. Bg2 g6 5. O-O Bg7 6. d3 Nge7 7. Nc3 d6 8. a3 a5
9. Bd2 O-O 10. Rb1 Rb8 11. Nd5 Nxd5 12. cxd5 Ne7 13. Ne1 b5 14. Nc2 b4 15. axb4
axb4 16. Ne3 Bb7 17. Qb3 Ra8 18. Nc2 Qd7 19. Ra1 Rfe8 20. f4 exf4 21. Bxf4 h6
22. e4 Ba6 23. Ne3 g5 24. e5 gxf4 25. e6 Qc7 26. exf7+ Kxf7 27. Rxa6 Rxa6 28.
Qc4 Rea8 29. Qxf4+ Kg8 30. Qf7+ Kh8 31. Nf5 Be5 32. Nh4 Rf8 33. Ng6+ Nxg6 34.
Qxc7 Rxf1+ 35. Kxf1 Ra1+ 36. Ke2 Kg8 37. Bh3 1-0

[Event "17. Europa ch Juvenil - Masculino s14"]
[Site "Sibenik CRO"]
[Date "2007.09.18"]
[Round "5.17"]
[White "Straka, Josef Jr"]
[Black "Graf, Felix"]
[Result "1/2-1/2"]
[WhiteElo "2004"]
[BlackElo "2273"]
[PlyCount "58"]
[EventDate "2007.09.14"]
[EventType "swiss"]
[EventRounds "9"]
[EventCountry "CRO"]
[Source "lmi"]
[SourceDate "2007.09.14"]

1. e4 c5 2. Nf3 e6 3. d4 cxd4 4. Nxd4 Nc6 5. Nc3 Qc7 6. Be3 a6 7. Be2 b5 8.
Nxc6 dxc6 9. O-O Nf6 10. a3 Bb7 11. f4 c5 12. e5 Rd8 13. Qe1 Nd5 14. Nxd5 exd5
15. Qg3 d4 16. Bd2 c4 17. Kh1 Be4 18. c3 d3 19. Bf3 Bf5 20. Rae1 g6 21. Be4 Qd7
22. Qf3 Bxe4 23. Rxe4 Bh6 24. Rd4 Qc7 25. Rxd8+ Kxd8 26. Qa8+ Qc8 27. Qd5+ Qd7
28. Qa8+ Qc8 29. Qd5+ Qd7 1/2-1/2

[Event "17. Europa ch Juvenil - Masculino s14"]
[Site "Sibenik CRO"]
[Date "2007.09.18"]
[Round "5.18"]
[White "Kaphle, Stephan"]
[Black "Feher, Adam"]
[Result "1-0"]
[WhiteElo "2156"]
[BlackElo "1977"]
[PlyCount "85"]
[EventDate "2007.09.14"]
[EventType "swiss"]
[EventRounds "9"]
[EventCountry "CRO"]
[Source "lmi"]
[SourceDate "2007.09.14"]

1. e4 c5 2. Nf3 d6 3. d4 cxd4 4. Nxd4 Nf6 5. Nc3 a6 6. Be3 e5 7. Nb3 Be6 8. f3
Nbd7 9. g4 b5 10. g5 b4 11. Nd5 Nxd5 12. exd5 Bf5 13. Bd3 Bxd3 14. Qxd3 a5 15.
O-O-O Qc7 16. Kb1 Be7 17. h4 a4 18. Nc1 O-O 19. Qf5 Rac8 20. Rh2 a3 21. b3 Qc3
22. Nd3 Nc5 23. Bxc5 Rxc5 24. Qe4 Rfc8 25. Rg2 Bd8 26. f4 Bc7 27. Qxb4 Qxb4 28.
Nxb4 exf4 29. Nc6 Re8 30. c4 Bb6 31. Rf1 Re4 32. Kc2 g6 33. Rf3 f5 34. gxf6 Kf7
35. Kd3 Re3+ 36. Rxe3 fxe3 37. b4 Rxc6 38. dxc6 Kxf6 39. Ke4 Ke6 40. Re2 h6 41.
b5 g5 42. hxg5 hxg5 43. Rxe3 1-0

[Event "17. Europa ch Juvenil - Masculino s14"]
[Site "Sibenik CRO"]
[Date "2007.09.18"]
[Round "5.19"]
[White "Raznikov, Danny"]
[Black "Anaya Lopez, Victor"]
[Result "1-0"]
[WhiteElo "2154"]
[BlackElo "1959"]
[PlyCount "147"]
[EventDate "2007.09.14"]
[EventType "swiss"]
[EventRounds "9"]
[EventCountry "CRO"]
[Source "lmi"]
[SourceDate "2007.09.14"]

1. d4 Nf6 2. Nf3 c5 3. d5 b5 4. Bg5 d6 5. Bxf6 exf6 6. e4 b4 7. Nbd2 g6 8. Bd3
Bg7 9. O-O O-O 10. Nc4 Qc7 11. Re1 Nd7 12. a3 bxa3 13. Rxa3 Ne5 14. Nfxe5 fxe5
15. Qd2 f5 16. Qa5 Qe7 17. b4 cxb4 18. Qxb4 Rd8 19. Rea1 Bf8 20. Na5 Bd7 21.
Nb3 Rdb8 22. Qd2 Bc8 23. Ba6 Bd7 24. Bc4 Bb5 25. Bxb5 Rxb5 26. Ra5 Rb7 27. Ra6
Rab8 28. h3 fxe4 29. Qe3 Qh4 30. Rxa7 Bh6 31. Qe2 Qf4 32. Rxb7 Rxb7 33. Ra4 Rc7
34. Rxe4 Qf5 35. Rc4 Rf7 36. Rc6 Bf8 37. Nd2 Rb7 38. Qf3 Rb5 39. c4 Rb2 40. g4
Qxf3 41. Nxf3 h6 42. Nh4 Kg7 43. Ng2 Rc2 44. Ne3 Rc3 45. Kg2 Rd3 46. Kg3 Kf7
47. Kf3 Be7 48. Ke2 Rc3 49. Rc7 Ke8 50. Rc8+ Kf7 51. Ra8 Rb3 52. Ra7 Ke8 53.
Kf3 Rd3 54. Kg2 Rd2 55. Kg3 Bg5 56. Rg7 Bxe3 57. fxe3 Rd3 58. Kf3 Rc3 59. Rxg6
Ke7 60. Re6+ Kd7 61. Rxh6 Rxc4 62. g5 Rc3 63. g6 Ke7 64. Ke4 Kf6 65. g7+ Kxg7
66. Rxd6 Rc4+ 67. Kxe5 Rh4 68. Rd7+ Kf8 69. e4 Rxh3 70. Ra7 Ke8 71. Kd6 Rh6+
72. Kc5 Rh5 73. Kd4 Rh4 74. d6 1-0

[Event "17. Europa ch Juvenil - Masculino s14"]
[Site "Sibenik CRO"]
[Date "2007.09.18"]
[Round "5.20"]
[White "Tomazini, Aljosa"]
[Black "Toropov, Pavel"]
[Result "0-1"]
[WhiteElo "1989"]
[BlackElo "2153"]
[PlyCount "74"]
[EventDate "2007.09.14"]
[EventType "swiss"]
[EventRounds "9"]
[EventCountry "CRO"]
[Source "lmi"]
[SourceDate "2007.09.14"]

1. e4 c5 2. Nc3 Nc6 3. Bb5 Nd4 4. Bc4 e6 5. f4 Ne7 6. Nf3 Nec6 7. d3 Be7 8. O-O
O-O 9. Nxd4 cxd4 10. Ne2 d5 11. Bb3 dxe4 12. dxe4 b6 13. Ng3 Ba6 14. Rf3 Bc5
15. Kh1 Rc8 16. Nh5 Kh8 17. Rh3 Be7 18. Nxg7 Rg8 19. Nh5 Na5 20. Ng3 d3 21. c3
Nxb3 22. axb3 Bb7 23. Rxa7 Rc7 24. Be3 Bc5 25. Bxc5 bxc5 26. Qd2 f5 27. Ra4 Bc6
28. Ra1 fxe4 29. Re1 Qa8 30. Qe3 Rcg7 31. Kg1 Qb7 32. Rh5 Qxb3 33. Rxc5 Bd5 34.
c4 Ba8 35. Qd4 Qc2 36. Rg5 e3 37. Re2 d2 0-1

[Event "17. Europa ch Juvenil - Masculino s14"]
[Site "Sibenik CRO"]
[Date "2007.09.18"]
[Round "5.21"]
[White "Lafosse, Jimmy"]
[Black "Dubessay, Bastien"]
[Result "0-1"]
[WhiteElo "1952"]
[BlackElo "2117"]
[PlyCount "92"]
[EventDate "2007.09.14"]
[EventType "swiss"]
[EventRounds "9"]
[EventCountry "CRO"]
[Source "lmi"]
[SourceDate "2007.09.14"]

1. d4 Nf6 2. Bg5 e6 3. e4 h6 4. Bxf6 Qxf6 5. c3 d6 6. Bd3 e5 7. Ne2 g6 8. O-O
Bg7 9. h3 O-O 10. f4 Qe7 11. Nd2 Nd7 12. Nf3 b6 13. Qd2 Bb7 14. Ng3 Rac8 15. f5
Kh7 16. Bc2 exd4 17. cxd4 c5 18. Rad1 cxd4 19. Nxd4 Bxd4+ 20. Qxd4 Rxc2 21.
Qxd6 Qxd6 22. Rxd6 Ne5 23. fxg6+ Nxg6 24. Rd7 Bc6 25. Rfxf7+ Rxf7 26. Rxf7+ Kg8
27. Rf2 Rxf2 28. Kxf2 Nf4 29. Kf3 Nd3 30. Nf5 Kh7 31. Nd4 Bb7 32. b3 Nc5 33.
Nb5 Bxe4+ 34. Kf2 a6 35. Nc3 Bb7 36. Kf1 b5 37. g3 b4 38. Nb1 Ne4 39. g4 a5 40.
Ke2 Ba6+ 41. Ke3 Nc3 42. Nd2 Nxa2 43. Nc4 Bxc4 44. bxc4 b3 45. Kd2 a4 46. c5
Nb4 0-1

[Event "17. Europa ch Juvenil - Masculino s14"]
[Site "Sibenik CRO"]
[Date "2007.09.19"]
[Round "6.1"]
[White "Sjugirov, Sanan"]
[Black "Zherebukh, Yaroslav"]
[Result "1-0"]
[WhiteElo "2407"]
[BlackElo "2418"]
[PlyCount "137"]
[EventDate "2007.09.14"]
[EventType "swiss"]
[EventRounds "9"]
[EventCountry "CRO"]
[Source "lmi"]
[SourceDate "2007.09.14"]

1. e4 e5 2. Nf3 Nc6 3. Bb5 a6 4. Ba4 Nf6 5. O-O Be7 6. Re1 b5 7. Bb3 O-O 8. d3
d6 9. c3 h6 10. Nbd2 Re8 11. Nf1 Bf8 12. a4 Bb7 13. Nh4 d5 14. axb5 axb5 15.
Rxa8 Bxa8 16. Qf3 b4 17. Nf5 Na5 18. Ba2 b3 19. Bb1 Re6 20. Qg3 Kh8 21. Qh4 Qd7
22. N1g3 dxe4 23. dxe4 Nc4 24. Nf1 Ra6 25. Qh3 Ra1 26. Bd3 Rxc1 27. Rxc1 Nxb2
28. Bb1 Nxe4 29. Qf3 Qc6 30. N5e3 Nd6 31. Qxc6 Bxc6 32. Nd2 Ba4 33. c4 Nb7 34.
Be4 Nc5 35. Rb1 Nxe4 36. Nxe4 Ba3 37. Nd2 c6 38. Ne4 c5 39. Nc3 Bd7 40. Ncd1
Nxd1 41. Nxd1 b2 42. Nxb2 Bf5 43. Nd3 Bxd3 44. Rb3 Bxc4 45. Rxa3 Be6 46. Ra5 c4
47. Rxe5 g6 48. f3 h5 49. Kf2 Kg7 50. Rc5 Kf6 51. Ke3 Ke7 52. Kd4 Kd6 53. Ra5
Kc6 54. Re5 Kd7 55. Rc5 Kd6 56. h3 h4 57. Re5 Ke7 58. Re4 g5 59. Re5 Kf6 60.
Ra5 Kg6 61. Ke5 Bf5 62. Ra6+ Be6 63. Rd6 Kg7 64. Rd8 c3 65. Rd3 c2 66. Rc3 Bb3
67. Kf5 Kh6 68. Kf6 Kh5 69. Rc8 1-0

[Event "17. Europa ch Juvenil - Masculino s14"]
[Site "Sibenik CRO"]
[Date "2007.09.19"]
[Round "6.2"]
[White "Swiercz, Dariusz"]
[Black "Arribas Lopez, Angel"]
[Result "1-0"]
[WhiteElo "2281"]
[BlackElo "2292"]
[PlyCount "103"]
[EventDate "2007.09.14"]
[EventType "swiss"]
[EventRounds "9"]
[EventCountry "CRO"]
[Source "lmi"]
[SourceDate "2007.09.14"]

1. e4 c5 2. Nf3 d6 3. d4 cxd4 4. Nxd4 Nf6 5. Nc3 g6 6. Be3 Bg7 7. f3 O-O 8. Qd2
Nc6 9. O-O-O d5 10. Nxc6 bxc6 11. Bh6 Qa5 12. Bxg7 Kxg7 13. e5 Nd7 14. h4 h5
15. g4 Rh8 16. e6 Ne5 17. gxh5 Bxe6 18. hxg6 Nxg6 19. h5 Qb4 20. Bd3 Nf4 21.
h6+ Kf8 22. a3 Qd4 23. Ne2 Nxe2+ 24. Qxe2 Rb8 25. c3 Qf4+ 26. Qd2 Qxd2+ 27.
Rxd2 Rd8 28. Rg2 f6 29. b4 Bf7 30. f4 e6 31. Rg7 Rg8 32. Rhg1 Rxg7 33. Rxg7 e5
34. Bf5 exf4 35. Kd2 d4 36. Rg1 dxc3+ 37. Kxc3 f3 38. Rf1 Bh5 39. h7 Kg7 40.
Be4 Re8 41. Kd4 Bf7 42. Rg1+ Kh8 43. Bxf3 Rd8+ 44. Kc5 Kxh7 45. Bxc6 f5 46. a4
Kh6 47. b5 Bh5 48. a5 Rd2 49. b6 Rc2+ 50. Kd6 axb6 51. axb6 Rb2 52. Kc7 1-0

[Event "17. Europa ch Juvenil - Masculino s14"]
[Site "Sibenik CRO"]
[Date "2007.09.19"]
[Round "6.3"]
[White "Plat, Vojtech"]
[Black "Aghasaryan, Robert"]
[Result "1/2-1/2"]
[WhiteElo "2279"]
[BlackElo "2198"]
[PlyCount "68"]
[EventDate "2007.09.14"]
[EventType "swiss"]
[EventRounds "9"]
[EventCountry "CRO"]
[Source "lmi"]
[SourceDate "2007.09.14"]

1. e4 c5 2. Nf3 e6 3. d4 cxd4 4. Nxd4 Nf6 5. Nc3 d6 6. Bd3 a6 7. O-O Nbd7 8.
Kh1 b5 9. a3 Bb7 10. Qe2 Be7 11. f4 Qc7 12. Bd2 Nc5 13. b4 Nxd3 14. cxd3 O-O
15. Rac1 Qd8 16. Nb3 Rc8 17. Qf2 Qd7 18. Na5 Bd8 19. Nxb7 Qxb7 20. h3 Bb6 21.
Be3 Bxe3 22. Qxe3 Rc7 23. Ne2 Rfc8 24. Rxc7 Rxc7 25. Rc1 Qc8 26. Kg1 Rxc1+ 27.
Qxc1 Qxc1+ 28. Nxc1 Kf8 29. Kf2 Ke7 30. Nb3 Nd7 31. Ke3 f6 32. Nd4 Nf8 33. f5
e5 34. Ne2 Nd7 1/2-1/2

[Event "17. Europa ch Juvenil - Masculino s14"]
[Site "Sibenik CRO"]
[Date "2007.09.19"]
[Round "6.4"]
[White "Popilski, Gil"]
[Black "Urkedal, Frode"]
[Result "1-0"]
[WhiteElo "2193"]
[BlackElo "2235"]
[PlyCount "49"]
[EventDate "2007.09.14"]
[EventType "swiss"]
[EventRounds "9"]
[EventCountry "CRO"]
[Source "lmi"]
[SourceDate "2007.09.14"]

1. e4 c5 2. Nf3 d6 3. d4 cxd4 4. Nxd4 Nf6 5. Nc3 a6 6. Be2 e6 7. O-O Be7 8. f4
Qc7 9. Be3 Nc6 10. Qe1 O-O 11. Qg3 Kh8 12. Rae1 Bd7 13. a3 b5 14. Bd3 Rad8 15.
Kh1 Nxd4 16. Bxd4 Bc6 17. e5 dxe5 18. Bxe5 Qb7 19. Qh3 h6 20. Ne4 Ng8 21. Re3
f5 22. Ng5 Bxg2+ 23. Qxg2 Qxg2+ 24. Kxg2 hxg5 25. Rh3+ 1-0

[Event "17. Europa ch Juvenil - Masculino s14"]
[Site "Sibenik CRO"]
[Date "2007.09.19"]
[Round "6.5"]
[White "Bogdanovich, Stanislav"]
[Black "Gretarsson, Hjorvar Stein"]
[Result "1-0"]
[WhiteElo "2217"]
[BlackElo "2168"]
[PlyCount "87"]
[EventDate "2007.09.14"]
[EventType "swiss"]
[EventRounds "9"]
[EventCountry "CRO"]
[Source "lmi"]
[SourceDate "2007.09.14"]

1. e4 c5 2. Nf3 Nc6 3. d4 cxd4 4. Nxd4 Nf6 5. Nc3 d6 6. f3 e5 7. Nb3 Be7 8. Be3
O-O 9. Qd2 a5 10. Na4 Be6 11. c4 Nd7 12. Be2 f5 13. exf5 Bxf5 14. O-O Qe8 15.
Bd3 Be6 16. Rac1 Nb4 17. Bb1 Qf7 18. Qe2 Bf6 19. Rfd1 d5 20. a3 b5 21. Nac5
bxc4 22. Nxe6 Qxe6 23. axb4 cxb3 24. Qd3 e4 25. Qxb3 exf3 26. Qxd5 Qxd5 27.
Rxd5 Bxb2 28. Rc2 Nf6 29. Ba2 Kh8 30. Rxa5 Rae8 31. Bc5 Ne4 32. gxf3 Nxc5 33.
bxc5 Bd4+ 34. Kg2 Re1 35. Bd5 g5 36. Ra8 Rxa8 37. Bxa8 Rg1+ 38. Kh3 h5 39. Be4
Kg7 40. c6 g4+ 41. fxg4 hxg4+ 42. Kh4 Kh6 43. Bg2 Be5 44. c7 1-0

[Event "17. Europa ch Juvenil - Masculino s14"]
[Site "Sibenik CRO"]
[Date "2007.09.19"]
[Round "6.6"]
[White "Petenyi, Tamas"]
[Black "Baghdasaryan, Vahe"]
[Result "1/2-1/2"]
[WhiteElo "2180"]
[BlackElo "2094"]
[PlyCount "37"]
[EventDate "2007.09.14"]
[EventType "swiss"]
[EventRounds "9"]
[EventCountry "CRO"]
[Source "lmi"]
[SourceDate "2007.09.14"]

1. e4 c5 2. Nf3 e6 3. d4 cxd4 4. Nxd4 Nc6 5. Nc3 a6 6. Be2 Qc7 7. O-O Nf6 8.
Be3 Be7 9. f4 d6 10. Qe1 O-O 11. Qg3 Re8 12. Rae1 e5 13. fxe5 Nxe5 14. Nf5 Bxf5
15. Rxf5 Kh8 16. Ref1 Qc6 17. Bd3 b5 18. a3 Rab8 19. Qh3 1/2-1/2

[Event "17. Europa ch Juvenil - Masculino s14"]
[Site "Sibenik CRO"]
[Date "2007.09.19"]
[Round "6.7"]
[White "Kovalev, Vladislav"]
[Black "Stukopin, Andrey"]
[Result "0-1"]
[WhiteElo "2154"]
[BlackElo "2349"]
[PlyCount "80"]
[EventDate "2007.09.14"]
[EventType "swiss"]
[EventRounds "9"]
[EventCountry "CRO"]
[Source "lmi"]
[SourceDate "2007.09.14"]

1. e4 c5 2. Nf3 e6 3. Nc3 a6 4. d4 cxd4 5. Nxd4 Qc7 6. Bd3 Nc6 7. Nxc6 dxc6 8.
f4 e5 9. f5 Nf6 10. Qf3 b5 11. g4 h6 12. h4 Bb7 13. g5 Nd7 14. Be3 Bb4 15. Kf2
O-O-O 16. a3 Ba5 17. Ne2 c5 18. b4 cxb4 19. a4 bxa4 20. Rxa4 Nc5 21. Raa1 hxg5
22. hxg5 Rxh1 23. Qxh1 Bb6 24. Rc1 Rxd3 25. cxd3 Nxd3+ 26. Kf3 Nxc1 27. Qh8+
Qd8 28. Qxd8+ Bxd8 29. Nxc1 Kc7 30. g6 fxg6 31. fxg6 a5 32. Nd3 Bf6 33. Nc5 Bc8
34. Ke2 Kc6 35. Kd3 Kb5 36. Kc2 a4 37. Nd3 Bg4 38. Nc5 Bh5 39. Nd7 Bxg6 40.
Nxf6 gxf6 0-1

[Event "17. Europa ch Juvenil - Masculino s14"]
[Site "Sibenik CRO"]
[Date "2007.09.19"]
[Round "6.8"]
[White "Ter-Sahakyan, Samvel"]
[Black "Kantans, Toms"]
[Result "1-0"]
[WhiteElo "2343"]
[BlackElo "1928"]
[PlyCount "78"]
[EventDate "2007.09.14"]
[EventType "swiss"]
[EventRounds "9"]
[EventCountry "CRO"]
[Source "lmi"]
[SourceDate "2007.09.14"]

1. e4 d5 2. exd5 Qxd5 3. Nc3 Qd6 4. Nf3 Nf6 5. d4 a6 6. Ne5 Nc6 7. Bf4 Nxd4 8.
Bd3 g5 9. Bg3 Nf5 10. Qe2 Nxg3 11. hxg3 Bg7 12. O-O-O Qc5 13. Rhe1 O-O 14. f4
gxf4 15. gxf4 Be6 16. g4 h5 17. gxh5 Bh6 18. Qf3 Kh8 19. Kb1 Rad8 20. Ne4 Qa5
21. a3 Bd5 22. c4 Bxe4 23. Bxe4 c6 24. Bc2 Rd6 25. Rg1 Qc5 26. b4 Qb6 27. c5
Rxd1+ 28. Rxd1 Qc7 29. Qd3 Qc8 30. Bb3 Nd5 31. Bc2 Nf6 32. Re1 a5 33. Rg1 Qe6
34. Ng6+ fxg6 35. Qxg6 Qf7 36. Qxh6+ Nh7 37. Bxh7 Qb3+ 38. Kc1 Qxa3+ 39. Kd2
Qxb4+ 1-0

[Event "17. Europa ch Juvenil - Masculino s14"]
[Site "Sibenik CRO"]
[Date "2007.09.19"]
[Round "6.9"]
[White "Firat, Burak"]
[Black "Pavlidis, Antonios"]
[Result "0-1"]
[WhiteElo "2113"]
[BlackElo "2175"]
[PlyCount "74"]
[EventDate "2007.09.14"]
[EventType "swiss"]
[EventRounds "9"]
[EventCountry "CRO"]
[Source "lmi"]
[SourceDate "2007.09.14"]

1. e4 c5 2. Nf3 Nc6 3. d4 cxd4 4. Nxd4 Qb6 5. Nb3 Nf6 6. Nc3 e6 7. Qe2 Qc7 8.
Bd2 a6 9. f4 d6 10. g4 Nd7 11. O-O-O b5 12. Kb1 Nb6 13. Qf2 Be7 14. g5 Nc4 15.
Bc1 Bd7 16. Bd3 Qb7 17. Bxc4 bxc4 18. Nd2 Na5 19. Qd4 O-O 20. Nxc4 Nxc4 21.
Qxc4 Rfc8 22. Qd4 Bb5 23. b3 Bf8 24. Bb2 Rc5 25. Rc1 Qc7 26. Qd2 Bd7 27. h4 a5
28. h5 Rc8 29. Ne2 a4 30. h6 g6 31. Rhd1 Bc6 32. Ng3 Ra8 33. Nf1 axb3 34. axb3
Qa7 35. c4 Bxe4+ 36. Rc2 Qa2+ 37. Kc1 Qxb3 0-1

[Event "17. Europa ch Juvenil - Masculino s14"]
[Site "Sibenik CRO"]
[Date "2007.09.19"]
[Round "6.10"]
[White "Rzayev, Bahruz"]
[Black "Iljiushenok, Ilia"]
[Result "0-1"]
[WhiteElo "2073"]
[BlackElo "2157"]
[PlyCount "82"]
[EventDate "2007.09.14"]
[EventType "swiss"]
[EventRounds "9"]
[EventCountry "CRO"]
[Source "lmi"]
[SourceDate "2007.09.14"]

1. e4 e6 2. d3 d5 3. Nd2 Nf6 4. Ngf3 b6 5. e5 Nfd7 6. d4 c5 7. c3 Be7 8. Bd3
Ba6 9. Nf1 Bxd3 10. Qxd3 Nc6 11. a3 O-O 12. Ng3 f6 13. exf6 Bxf6 14. O-O e5 15.
Qf5 Qe7 16. Qg4 Kh8 17. Re1 Qf7 18. Be3 Rad8 19. Rad1 cxd4 20. cxd4 e4 21. Ng5
Qg6 22. Qe6 Ndb8 23. h4 Qe8 24. Qg4 Qd7 25. Qh5 g6 26. Qe2 Kg7 27. Qd2 Qg4 28.
Nf1 Rde8 29. g3 h6 30. Nh2 Qd7 31. Nxe4 dxe4 32. Bxh6+ Kf7 33. Bxf8 Kxf8 34.
Qf4 Qf5 35. Qd6+ Kg7 36. d5 Be5 37. dxc6 Bxd6 38. Rxd6 Qc5 39. Red1 e3 40. fxe3
Nxc6 41. Ng4 Re7 0-1

[Event "17. Europa ch Juvenil - Masculino s14"]
[Site "Sibenik CRO"]
[Date "2007.09.19"]
[Round "6.11"]
[White "Kanarek, Marcel"]
[Black "Braun, Marek"]
[Result "1-0"]
[WhiteElo "2226"]
[BlackElo "2081"]
[PlyCount "95"]
[EventDate "2007.09.14"]
[EventType "swiss"]
[EventRounds "9"]
[EventCountry "CRO"]
[Source "lmi"]
[SourceDate "2007.09.14"]

1. e4 c6 2. d4 d5 3. Nc3 dxe4 4. Nxe4 Bf5 5. Ng3 Bg6 6. h4 h6 7. Nf3 Nd7 8. h5
Bh7 9. Bd3 Bxd3 10. Qxd3 Qc7 11. Bd2 e6 12. O-O-O Ngf6 13. Kb1 O-O-O 14. c4 Bd6
15. Ne4 Nxe4 16. Qxe4 Nf6 17. Qe2 c5 18. Bc3 Qc6 19. d5 Qc7 20. Nh4 Rhe8 21.
Bxf6 gxf6 22. g3 Be5 23. Qc2 f5 24. Rhe1 Bg7 25. f4 Kb8 26. Nf3 Rd6 27. dxe6
Rxd1+ 28. Qxd1 fxe6 29. a3 b6 30. Ka2 Rd8 31. Qe2 Rd6 32. Ne5 Qb7 33. g4 Rd4
34. Rd1 Rxd1 35. Qxd1 Bxe5 36. fxe5 Qc7 37. gxf5 exf5 38. Qd5 Qe7 39. e6 Qh4
40. Kb3 Qg3+ 41. Ka4 Qc7 42. Qxf5 Qd6 43. Qd5 Qh2 44. Qd8+ Kb7 45. Qd7+ Kb8 46.
e7 Qc2+ 47. b3 b5+ 48. Qxb5+ 1-0

[Event "17. Europa ch Juvenil - Masculino s14"]
[Site "Sibenik CRO"]
[Date "2007.09.19"]
[Round "6.12"]
[White "Dragomirescu, Robin-Alexandru"]
[Black "Nikolashvili, Giorgi"]
[Result "1-0"]
[WhiteElo "2189"]
[BlackElo "2103"]
[PlyCount "77"]
[EventDate "2007.09.14"]
[EventType "swiss"]
[EventRounds "9"]
[EventCountry "CRO"]
[Source "lmi"]
[SourceDate "2007.09.14"]

1. e4 c5 2. Nf3 d6 3. d4 cxd4 4. Nxd4 Nf6 5. Nc3 Nc6 6. Bg5 e6 7. Qd2 Be7 8.
O-O-O O-O 9. f4 Nxd4 10. Qxd4 Qa5 11. Kb1 Rd8 12. Be2 Bd7 13. Qe3 Bc6 14. Bf3
e5 15. f5 Qc5 16. Qd2 Rd7 17. g4 h6 18. h4 Ne8 19. Be3 Qc4 20. g5 h5 21. Be2
Qb4 22. a3 Qa5 23. Bxh5 b5 24. f6 Bf8 25. fxg7 Bxg7 26. g6 f5 27. Bh6 f4 28.
Bg4 Rb7 29. Be6+ Kh8 30. Bxg7+ Kxg7 31. h5 Kh6 32. Rdg1 Qd8 33. Nd5 Nf6 34. Qg2
Ne8 35. g7 Rxg7 36. Qg6+ Rxg6 37. hxg6+ Kg7 38. Rh7+ Kf8 39. g7+ 1-0

[Event "17. Europa ch Juvenil - Masculino s14"]
[Site "Sibenik CRO"]
[Date "2007.09.19"]
[Round "6.13"]
[White "Gaehwiler, Gabriel"]
[Black "Kaphle, Stephan"]
[Result "0-1"]
[WhiteElo "1917"]
[BlackElo "2156"]
[PlyCount "64"]
[EventDate "2007.09.14"]
[EventType "swiss"]
[EventRounds "9"]
[EventCountry "CRO"]
[Source "lmi"]
[SourceDate "2007.09.14"]

1. e4 c5 2. Nf3 d6 3. d4 cxd4 4. Nxd4 Nf6 5. Nc3 a6 6. Be3 e5 7. Nb3 Be6 8. f3
Nbd7 9. Qd2 b5 10. g4 Nb6 11. g5 Nh5 12. O-O-O Be7 13. Kb1 O-O 14. Rg1 Nc4 15.
Bxc4 bxc4 16. Nc1 Re8 17. Nd5 Bf8 18. Nb6 Rb8 19. Qa5 Qc7 20. Qxa6 Qc6 21. Qa5
Re7 22. Nd5 Reb7 23. b3 Rb5 24. Qd2 Nf4 25. Bxf4 exf4 26. Qd4 Qc8 27. Rg2 Bxd5
28. exd5 g6 29. Qxf4 Bg7 30. Rg4 cxb3 31. cxb3 Qc3 32. Rd4 Rb4 0-1

[Event "17. Europa ch Juvenil - Masculino s14"]
[Site "Sibenik CRO"]
[Date "2007.09.19"]
[Round "6.14"]
[White "Laurusas, Tomas"]
[Black "Raznikov, Danny"]
[Result "1/2-1/2"]
[WhiteElo "1888"]
[BlackElo "2154"]
[PlyCount "62"]
[EventDate "2007.09.14"]
[EventType "swiss"]
[EventRounds "9"]
[EventCountry "CRO"]
[Source "lmi"]
[SourceDate "2007.09.14"]

1. e4 c5 2. Nf3 d6 3. d4 cxd4 4. Nxd4 Nf6 5. Nc3 a6 6. Be3 e5 7. Nf3 Be7 8. Bc4
O-O 9. O-O Nc6 10. Qe2 Na5 11. Bd5 Bd7 12. Rfd1 Rc8 13. Rac1 h6 14. Nd2 b5 15.
a4 b4 16. Na2 Nxd5 17. exd5 f5 18. f3 Rb8 19. b3 g5 20. Qxa6 f4 21. Bf2 g4 22.
Qe2 Bh4 23. Ne4 Bxf2+ 24. Qxf2 Bf5 25. Re1 Kh8 26. Kh1 Rg8 27. g3 gxf3 28. Qxf3
Rg4 29. Nf2 Rg5 30. gxf4 exf4 31. Qxf4 Qf6 1/2-1/2

[Event "17. Europa ch Juvenil - Masculino s14"]
[Site "Sibenik CRO"]
[Date "2007.09.19"]
[Round "6.15"]
[White "Toropov, Pavel"]
[Black "Meskovs, Nikita"]
[Result "0-1"]
[WhiteElo "2153"]
[BlackElo "2036"]
[PlyCount "60"]
[EventDate "2007.09.14"]
[EventType "swiss"]
[EventRounds "9"]
[EventCountry "CRO"]
[Source "lmi"]
[SourceDate "2007.09.14"]

1. e4 c5 2. Nf3 e6 3. c3 Nf6 4. Bd3 Nc6 5. O-O d5 6. e5 Nd7 7. Re1 Rb8 8. Bc2
d4 9. a3 b5 10. b4 Be7 11. bxc5 Nxc5 12. cxd4 Nxd4 13. Nxd4 Qxd4 14. Nc3 O-O
15. Rb1 Nd3 16. Re3 Nxc1 17. Re4 Qc5 18. Rxc1 Bb7 19. Rg4 Qxe5 20. d4 Qf6 21.
Nxb5 Bf3 22. Qd3 Qh6 23. gxf3 Qxc1+ 24. Kg2 f5 25. Rg3 Rxb5 26. Qxb5 Qxc2 27.
Qd7 Bf6 28. Qxe6+ Kh8 29. d5 Bh4 30. Qe7 Bxe7 0-1

[Event "17. Europa ch Juvenil - Masculino s14"]
[Site "Sibenik CRO"]
[Date "2007.09.19"]
[Round "6.18"]
[White "Graf, Felix"]
[Black "Bertusi, Misel"]
[Result "1-0"]
[WhiteElo "2273"]
[BlackElo "1839"]
[PlyCount "63"]
[EventDate "2007.09.14"]
[EventType "swiss"]
[EventRounds "9"]
[EventCountry "CRO"]
[Source "lmi"]
[SourceDate "2007.09.14"]

1. d4 Nf6 2. c4 c5 3. d5 e6 4. Nf3 exd5 5. cxd5 d6 6. Nc3 g6 7. Bf4 a6 8. e4 b5
9. Qe2 Be7 10. Qc2 O-O 11. a4 b4 12. Nd1 b3 13. Qd3 Nbd7 14. Nd2 Rb8 15. Be2
Qa5 16. O-O Qb4 17. Nc4 Ne8 18. Bd2 Qb7 19. Bh6 Ng7 20. Na5 Qc7 21. Nc6 Ne5 22.
Qc3 Bf6 23. Nxb8 Qxb8 24. Qd2 Re8 25. Bg5 Nd7 26. Bxf6 Nxf6 27. f3 Qb6 28. a5
Qa7 29. Kh1 Bd7 30. Nc3 Qa8 31. Qf4 Qd8 32. Qxd6 1-0